000
00214nam a2200085Ia 4500
008
120527s9999 xx 000 0 und d
100
_a
Hoffman & Hoffman
245
_a
Review of child development research
942
_c
BK
999
_c
27447
_d
27447